|
|
|
|
| LEADER |
00000nam a2200000 a 4500 |
| 001 |
UCJ4248 |
| 003 |
CL-VaPUC |
| 008 |
070124e19030000CL |||||||||||||||||spa|d |
| 082 |
0 |
4 |
|a 918.3
|b FAG
|2 21
|
| 100 |
0 |
|
|a Fagalde, Alberto
|e author
|9 507520
|
| 245 |
1 |
3 |
|a El puerto de Valparaíso i sus obras de mejoramiento
|
| 250 |
|
|
|a 1a. ed
|
| 300 |
|
|
|a 158 p
|
| 651 |
|
0 |
|a Valparaíso, Chile
|9 261144
|
| 942 |
|
|
|c BK
|
| 945 |
|
|
|d 20070124 00:00:00
|a rinostro
|
| 260 |
|
|
|a Valparaíso
|b Universo
|c 1903
|
| 500 |
|
|
|a El tema da al autor ocasión para entregarnos una muy completa guía del Valparaíso de comienzos del siglo XX.- Fotografía de los miembros de la Comisión Kraus y numerosas ilustraciones de aquel Valparaíso
|
| 600 |
|
0 |
|a Kraus, Jacob
|d 1861-1951
|9 507521
|
| 600 |
0 |
7 |
|a VIDTS, EMILIO DE
|2 CL-VaPUC
|9 507522
|
| 600 |
0 |
7 |
|a VAN HOOFF, JERMAN
|2 CL-VaPUC
|9 507523
|
| 600 |
0 |
7 |
|a KAMP, GUILLERMO
|2 CL-VaPUC
|9 507524
|
| 600 |
0 |
7 |
|a CERVERO, JORJE
|2 CL-VaPUC
|9 507525
|
| 600 |
0 |
7 |
|a DUBLE, ENRIQUE
|2 CL-VaPUC
|9 507526
|
| 600 |
0 |
7 |
|a MEYJES, JUAN
|2 CL-VaPUC
|9 507527
|
| 600 |
0 |
7 |
|a STHANDIER, ARTURO
|2 CL-VaPUC
|9 507528
|
| 600 |
0 |
7 |
|a VAN DER PLAS, D.
|2 CL-VaPUC
|9 507529
|
| 600 |
0 |
7 |
|a TEATRO MUNICIPAL
|2 CL-VaPUC
|9 266578
|
| 600 |
0 |
7 |
|a TEATRO VICTORIA
|2 CL-VaPUC
|9 507530
|
| 600 |
0 |
7 |
|a PLAZA DE TOROS
|2 CL-VaPUC
|9 507531
|
| 650 |
|
7 |
|a OBRAS PORTUARIAS
|2 CL-VaPUC
|9 507532
|
| 650 |
|
0 |
|a Ingeniería
|9 259380
|
| 650 |
|
0 |
|a Puertos
|9 260105
|
| 650 |
|
0 |
|a Transporte marítimo
|9 260127
|
| 650 |
|
0 |
|a Estadísticas
|9 258644
|
| 650 |
|
0 |
|a Comercio
|9 255341
|
| 650 |
|
7 |
|a EMPRESARIOS
|2 CL-VaPUC
|9 315086
|
| 650 |
|
0 |
|a Comerciantes
|9 267878
|
| 650 |
|
7 |
|a INDUSTRIALES
|2 CL-VaPUC
|9 507315
|
| 650 |
|
7 |
|a DIRECTORIOS
|2 CL-VaPUC
|9 257460
|
| 650 |
|
7 |
|a SEGUROS
|2 CL-VaPUC
|9 507533
|
| 650 |
|
0 |
|a Bancos
|9 254963
|
| 650 |
|
0 |
|a Marina mercante
|9 255383
|
| 650 |
|
7 |
|a ESCUADRA
|2 CL-VaPUC
|9 507534
|
| 650 |
|
0 |
|a Naufragios
|9 317857
|
| 650 |
|
0 |
|a Ilustraciones
|9 369481
|
| 650 |
|
7 |
|a PIRATAS
|2 CL-VaPUC
|9 317855
|
| 650 |
|
0 |
|a Cultura
|9 269059
|
| 650 |
|
0 |
|a Vida social
|9 337244
|
| 650 |
|
0 |
|a Prensa y periodismo
|z Chile
|9 504409
|
| 650 |
|
7 |
|a DIVERSIONES PUBLICAS
|2 CL-VaPUC
|9 507535
|
| 650 |
|
7 |
|a COLONIAS EXTRANJERAS
|2 CL-VaPUC
|9 328458
|
| 650 |
|
0 |
|a Teatros
|9 268075
|
| 650 |
|
7 |
|a TOROS
|2 CL-VaPUC
|9 372949
|
| 650 |
|
0 |
|a Educación
|9 258661
|
| 650 |
|
0 |
|a Museos
|9 269209
|
| 650 |
|
0 |
|a Bibliotecas
|9 334508
|
| 650 |
|
7 |
|a COMUNICACIONES
|2 CL-VaPUC
|9 260778
|
| 650 |
|
0 |
|a Ferrocarriles
|9 260933
|
| 650 |
|
0 |
|a Alumbrado
|9 507536
|
| 650 |
|
0 |
|a Agua potable
|9 260375
|
| 650 |
|
7 |
|a POLICIA
|2 CL-VaPUC
|9 313500
|
| 650 |
|
0 |
|a Beneficencia
|9 255180
|
| 650 |
|
7 |
|a TEMPLOS
|2 CL-VaPUC
|9 266644
|
| 650 |
|
0 |
|a Propiedad
|9 255268
|
| 650 |
|
7 |
|a AVALUOS
|2 CL-VaPUC
|9 399008
|
| 650 |
|
7 |
|a CALLES Y PASEOS
|2 CL-VaPUC
|9 329702
|
| 650 |
|
0 |
|a Monumentos
|9 265246
|
| 650 |
|
7 |
|a CERROS
|2 CL-VaPUC
|9 367492
|
| 650 |
|
7 |
|a TOPONIMIA
|2 CL-VaPUC
|9 507537
|
| 650 |
|
0 |
|a Población
|9 257577
|
| 650 |
|
7 |
|a PRESUPUESTO
|2 CL-VaPUC
|9 306206
|
| 650 |
|
0 |
|a Costos
|9 261063
|
| 650 |
|
7 |
|a N
|2 CL-VaPUC
|9 506978
|
| 583 |
|
|
|a last modification
|c 20070124 00:00:00
|k Rodrigo Vera
|
| 999 |
|
|
|c 320365
|d 320363
|
| 952 |
|
|
|0 0
|1 0
|4 0
|6 918_300000000000000_FAG_1903
|7 0
|8 X
|9 398874
|a FDOBUD
|b FDOBUD
|d 2019-11-22
|i 1015966
|o 918.3 FAG 1903
|p 1015966
|r 2019-11-22
|w 2019-11-22
|y BK_X
|k BUD
|